ARRUPE JESUIT UNIVERSITY

CORONAVIRUS -STOP THE SPREAD - CLEAN,DISINFECT,COVER

Essays on Galileo and the history and Philosophy of Science (Record no. 131043)

MARC details
000 -LEADER
fixed length control field 00514nam a22001577a 4500
008 - FIXED-LENGTH DATA ELEMENTS--GENERAL INFORMATION
fixed length control field 211101b ||||| |||| 00| 0 eng d
020 ## - INTERNATIONAL STANDARD BOOK NUMBER
International Standard Book Number 0802081649
050 ## - LIBRARY OF CONGRESS CALL NUMBER
Classification number QB36.G2 D667 1999
100 ## - MAIN ENTRY--PERSONAL NAME
Personal name Drake, Stillman
9 (RLIN) 11367
245 ## - TITLE STATEMENT
Title Essays on Galileo and the history and Philosophy of Science
Statement of responsibility, etc /by Stillman, Drake
250 ## - EDITION STATEMENT
Edition statement volume 2
260 ## - PUBLICATION, DISTRIBUTION, ETC. (IMPRINT)
Place of publication, distribution, etc Toronto:
Name of publisher, distributor, etc University of Toronto Press,
Date of publication, distribution, etc c1999.
300 ## - PHYSICAL DESCRIPTION
Extent viii, 380p.;
Dimensions 23cm.
600 ## - SUBJECT ADDED ENTRY--PERSONAL NAME
Source of heading or term Galilei, Galileo
Chronological subdivision 1564-1642
9 (RLIN) 50816
942 ## - ADDED ENTRY ELEMENTS (KOHA)
Source of classification or shelving scheme Library of Congress Classification
Item type Monograph ( Printed materials)
Holdings
Withdrawn status Lost status Source of classification or shelving scheme Damaged status Not for loan Collection code Home library Current library Shelving location Date acquired Total Checkouts Full call number Barcode Date last seen Price effective from Koha item type
    Library of Congress Classification     Main Collection ARRUPE LIBRARY ARRUPE LIBRARY Main Collection 01/11/2021   QB36.G2 D667 1999 46600007749 01/11/2021 01/11/2021 Monograph ( Printed materials)

 

Arrupe Library. PO Box MP320 Mt Pleasant, Harare, Zimbabwe
263 242 745411|librarian@aju.ac.zw